Wszystkie Przystanki WTP na Woli - Statystyki

Ogólne statystyki
  • Ten quiz został rozwiązany 10 razy
  • Średni wynik to 43 z 90
Statystyki odpowiedzi
Przystanki % Poprawnych
Metro Młynów
100%
PKP Wola (Kasprzaka)
100%
PKP Wola (Wolska)
100%
Rondo Daszyńskiego
100%
Warszawa Zachodnia
100%
Armatnia
88%
Metro Księcia Janusza
88%
Metro Płocka
88%
Muzeum Powstania Warszawskiego
88%
Cm. Wolski
75%
Fort Wola
75%
Młynarska
75%
Norblin
75%
Okopowa
75%
Parafialna
75%
Pl. Pole Elekcyjne
75%
Reduta Wolska
75%
Redutowa
75%
Szpital Wolski
75%
Warszawa Koło
75%
Warszawa Wola
75%
Wola - Ratusz
75%
Cm. Żydowski
63%
Deotymy
63%
Elekcyjna
63%
Lasek na Kole
63%
Leszno
63%
Metro Ulrychów
63%
PKP Koło
63%
Smocza
63%
Sokołowska
63%
Warszawa Główna
63%
Warszawa Młynów
63%
Warszawa Ochota
63%
Warszawa Powązki
63%
Zajezdnia Wola
63%
Żytnia
63%
Brożka
50%
Czorsztyńska
50%
Dalibora
50%
Długosza
50%
Esperanto
50%
Góralska
50%
Jana Kazimierza
50%
Magistracka
50%
Nowolipie
50%
Ordona - WSA
50%
Park Moczydło
50%
Płocka - Szpital
50%
Sowińskiego
50%
Tatarska
50%
Warszawa Śródmieście WKD
50%
Wawrzyszewska
50%
Chłodna
38%
Dw. Zachodni (Tunelowa)
38%
Dzielna
38%
Karolkowa
38%
Kolejowa
38%
Koło
38%
Monte Cassino
38%
Niska
38%
Ostroroga
38%
Powązkowska
38%
Warszawa Ochota WKD
38%
Warszawa Zachodnia (Peron 9)
38%
Hubalczyków
25%
Ks. Sitnika
25%
Siedmiogrodzka
25%
Warszawa Zachodnia WKD
25%
Zajezdnia Redutowa
25%
Antka Rozpylacza
13%
Brylowska
13%
Gizów
13%
Kozielska
13%
Mennica
13%
Miła
13%
Powązki - IV Brama
13%
Powązki - VI Brama
13%
Pustola
13%
Rogalińska
13%
Strąkowa
13%
Wronia
13%
Znana
13%
Bellottiego
0%
Gniewkowska
0%
Goleszowska
0%
Grenady
0%
Sienna
0%
Sołtyka
0%
Wagonownia
0%
Nie znaleziono quizów pasujących do podanych kryteriów
Rozkład punktacji
Procent ludzi z każdym wynikiem
Percentyl według liczby udzielonych odpowiedzi
Twoja historia wyników
Nie rozwiązałeś tego quizu